000 00635nam a2200229 i 4500
001 C2-0300729
003 PPAK
005 20180728082212.0
008 091118s1961 enk |||| ||||| | eng d
040 _aPPAK
_beng
_cPPAK
_erda
082 0 4 _a499.222
_223
090 0 0 _a499.222
_bHOR
_dKIH
100 1 _aHorne, elinor c.,
_eauthor
245 1 0 _aBeginning javanese
264 1 _aLondon :
_bYale University Press ,
_c1961
300 _axxxiii, 560 pages ;
_c26 cm
336 _2rdacontent
_atext
337 _2rdamedia
_aunmediated
338 _2rdacarrier
_avolume
650 1 0 _aIndonesian languages - Semantics.
942 _ddc
_cB
999 _c104586
_d104586